000 01436nam a22003255ia4500
001 2760818
003 EG-ScBUE
005 20260104101309.0
008 790806s1966 nyua f b 001 0 eng d
040 _aEG-ScBUE
_beng
_erda
_cEG-ScBUE
_dEG-ScBUE
082 0 4 _a549
_bDEE
_222
100 1 _aDeer, W. A.
_q(William Alexander),
_96474
_eauthor.
245 1 0 _aRock-forming minerals /
_cW. A. Deer, M.Sc., Ph.D., F.R.S., professor of mineralogy and petrology, Cambridge University, R. A. Howie, M.A., Ph.D., F.G.S., reader in geology, London University (King's College), J. Zussman, M.A., Ph.D., F.Inst.P., reader in mineralogy, Oxford Univerdity.
250 _aFifth impression.
264 1 _aNew York, N.Y. :
_bJohn Wiley and Sons, INC.,
_c1966.
300 _a4 volumes :
_billustrations ;
_c25 cm
336 _2rdacontent
_atext
_btxt
337 _aunmediated
_2rdamedia
_bn
338 _avolume
_bnc
_2rdacarrier
504 _aIncludes bibliographical references and index.
505 0 _aVolume 1. Ortho- and ring silicates -- Volume 2. Chain Silicates -- Volume 3. Sheet Silicates -- Volume 5. Non- Silicates.
650 7 _aRock-forming minerals.
_96475
_2BUEsh
650 7 _aSilicate minerals.
_96476
_2BUEsh
650 7 _aRocks.
_96477
_2BUEsh
653 _bENGGEN
_cAugust2015
655 _vReading book
700 1 _aHowie, R. A.
_q(Robert Andrew),
_eauthor.
_96478
700 1 _aZussman, J.,
_eauthor.
_96479
942 _2ddc
_cBB
999 _c11923
_d11923